| 000 | 00599nam a2200181 4500 | ||
|---|---|---|---|
| 999 |
_c171530 _d171530 |
||
| 005 | 20200115115827.0 | ||
| 010 | _aENG-127375 | ||
| 020 |
_a9788181523754 _c1350.00 |
||
| 035 | _aEN-110907 | ||
| 037 | _bDBAD/PUB | ||
| 082 | _a658.45 | ||
| 100 | _aMouli,T.Sai Chandra | ||
| 245 |
_aEssential Communication Skills for Dynamic Development : _cby T.Sai Chandra Mouli _b / |
||
| 260 |
_aJaipur _bBook Enclave _c2016 |
||
| 270 |
_aF-11,S.S Tower Dhamani Street,Chaura Rasta _bJaipur _e302003 _mBookenclave@yahoo.com |
||
| 300 |
_aVIII;212p. _c23cm(Hb) |
||
| 942 |
_2ddc _cEN _h658.45 _mMOU |
||